logo

Bir Sreshtho Munshi Abdur Rouf Library
Jhenaidah Cadet College

বাংলার কবি মধুসূদন / (Record no. 2471)

MARC details
000 -LEADER
fixed length control field 00696nam a2200229 a 4500
001 - CONTROL NUMBER
JCCL Control Number 2471
003 - CONTROL NUMBER IDENTIFIER
JCCL marc code BD-JhCC
005 - DATE AND TIME OF LATEST TRANSACTION
control field 20171102192541.0
008 - FIXED-LENGTH DATA ELEMENTS--GENERAL INFORMATION
fixed length control field 171102s1978 bg |||| |||| 000 0 ben d
035 ## - SYSTEM CONTROL NUMBER
system control number (BD-JhCC)2471
040 ## - CATALOGING SOURCE
Original cataloging agency BD-JhCC
Modifying agency BD-JhCC
041 ## - LANGUAGE CODE
Language code of Book ben
082 ## - DEWEY DECIMAL CLASSIFICATION NUMBER
Classification number 891.4409
Author mark and Year IBR 1978
100 ## - MAIN ENTRY--PERSONAL NAME
Personal name ইব্রাহীম, নীলিমা
245 ## - TITLE STATEMENT
Title বাংলার কবি মধুসূদন /
Statement of responsibility, etc নীলিমা ইব্রাহীম.
250 ## - EDITION STATEMENT
Edition statement 3rd Edi.
260 ## - PUBLICATION, DISTRIBUTION, ETC. (IMPRINT)
Place of publication, distribution, etc ঢাকা :
Name of publisher, distributor, etc নওরোজ কিতাবিস্তান,
Date of publication, distribution, etc 1978.
300 ## - PHYSICAL DESCRIPTION
Pagination 231 p. :
Dimensions 21 cm.
650 ## - SUBJECT ADDED ENTRY--TOPICAL TERM
Topical term or geographic name as entry element Bengali Literature
942 ## - ADDED ENTRY ELEMENTS (KOHA)
Source of classification or shelving scheme Dewey Decimal Classification
Koha item type Books
Holdings
Source of classification or shelving scheme Damaged status Not for loan Home library Current library Shelving location Date of accession Cost, normal purchase price Total Checkouts Full call number Barcode Date last seen Copy number Koha item type
Dewey Decimal Classification     JCC Rouf Library JCC Rouf Library General Stacks 11/02/2017 20.00   891.4409 IBR 1978 3687 11/02/2017 C-1 Books

JCC Library | Contacts | JCC Home

Last Update on 23 September 2017
Copyright @ 2017-2020 JCC Rouf Library
Rouf Library, Jhenidah Cadet College (JCC), Bangladesh